JR西日本の定期特急列車愛称名 - Statistics

General Stats
  • This quiz has been taken 424 times
  • The average score is 63 of 74
Answer Stats
走行路線 答え % Correct
山陽新幹線 のぞみ
99%
山陽新幹線 ひかり
99%
山陽新幹線 こだま
99%
博多南線(?) こだま
99%
山陽新幹線 さくら
97%
JR京都線 サンダーバード
97%
湖西線 サンダーバード
97%
北陸本線 サンダーバード
97%
山陽新幹線 みずほ
94%
JR京都線 はるか
94%
大阪環状線 はるか
94%
阪和線 はるか
94%
関西空港線 はるか
94%
琵琶湖線 はるか
94%
北陸新幹線 かがやき
93%
JR京都線 くろしお
93%
大阪環状線 くろしお
93%
阪和線 くろしお
93%
きのくに線 くろしお
93%
北陸新幹線 つるぎ
92%
JR神戸線 スーパーはくと
92%
JR京都線 スーパーはくと
92%
山陽本線 スーパーはくと
92%
北陸新幹線 はくたか
91%
JR神戸線 サンライズ瀬戸
90%
JR神戸線 サンライズ出雲
90%
JR京都線 サンライズ出雲
90%
JR京都線 サンライズ瀬戸
90%
琵琶湖線 サンライズ瀬戸
90%
琵琶湖線 サンライズ出雲
90%
山陽本線 サンライズ出雲
90%
山陽本線 サンライズ瀬戸
90%
伯備線 サンライズ出雲
90%
山陰本線 サンライズ出雲
90%
瀬戸大橋線 サンライズ瀬戸
90%
山陽本線 やくも
87%
伯備線 やくも
87%
山陰本線 やくも
87%
山陽本線 スーパーおき
86%
山陰本線 スーパーおき
86%
山口線 スーパーおき
86%
JR神戸線 はまかぜ
85%
山陽本線 はまかぜ
85%
山陰本線 はまかぜ
85%
播但線 はまかぜ
85%
嵯峨野線 きのさき
84%
山陰本線 きのさき
84%
琵琶湖線 しらさぎ
82%
北陸本線 しらさぎ
82%
JR京都線 こうのとり
81%
山陰本線 こうのとり
81%
福知山線 こうのとり
81%
嵯峨野線 はしだて
80%
山陰本線 はしだて
80%
瀬戸大橋線 南風
79%
嵯峨野線 まいづる
78%
山陰本線 まいづる
78%
舞鶴線 まいづる
78%
七尾線 能登かがり火
76%
山陽本線 スーパーいなば
73%
伯備線 スーパーいなば
73%
山陰本線 スーパーいなば
73%
瀬戸大橋線 しおかぜ
73%
山陰本線 スーパーまつかぜ
72%
JR京都線 ひだ
70%
琵琶湖線 ひだ
70%
JR神戸線 らくラクはりま
69%
山陽本線 らくラクはりま
69%
瀬戸大橋線 うずしお
67%
JR京都線 らくラクびわこ
63%
琵琶湖線 らくラクびわこ
63%
JR京都線 らくラクやまと
62%
大阪環状線 らくラクやまと
62%
大和路線 らくラクやまと
62%
No matching quizzes found
Score Distribution
Percent of People with Each Score
Percentile by Number Answered
Your Score History
You have not taken this quiz